Reverse Dictionary #94 - Statistics

General Stats
  • This quiz has been taken 31 times
  • The average score is 18 of 25
Answer Stats
Definition First
Letter
Word % Correct
To incline the head up and down, as to indicate agreement. N nod
93%
1. A thin bed cloth used as a covering for a mattress or as a layer over the sleeper.2. A piece of paper, usually rectangular, that has been prepared for writing, artwork, drafting, wrapping, manufacture of packaging (boxes, envelopes, etc.), and for other uses. S sheet
93%
A pigmented filament of keratin which grows from a follicle on the skin of humans and other mammals. H hair
90%
Moving with speed, rapidity or swiftness, or capable of doing so; rapid; fast. Q quick
90%
(US, Canada, Australia) A heavier motor vehicle designed to carry goods or to pull a semi-trailer designed to carry goods. T truck
90%
1. Honest.2. Accurately depicting what is real. T truthful
86%
Travelling without preset route; roaming. W wandering
86%
1. Made up of liquid or moisture, usually (but not always) water.2. Of an object, etc.: covered or impregnated with liquid, usually (but not always) water. W wet
86%
1. Having much distance in space from one end to the other.2. Having great duration. L long
83%
Cereal plants, Oryza sativa of the grass family whose seeds are used as food. R rice
83%
(of a person) Having qualities tending to result in being pleasing. Personable, amiable. L likable | likeable
79%
1. (biology) Pertaining to or derived from living organisms.2. (chemistry) Relating to the compounds of carbon, relating to natural products. 3. (agriculture) Of food or food products, grown in an environment free from artificial agrichemicals, and possibly certified by a regulatory body. O organic
79%
The indefinite continued progress of existence and events in the past, present, and future regarded as a whole. T time
79%
1. Representing the choicest or most select of a group.2. Of high birth or social position; aristocratic or patrician. E elite
76%
A (usually self-sustaining) chemical reaction involving the bonding of oxygen with carbon or other fuel, with the production of heat and the presence of flame or smouldering. F fire
76%
1. To pronounce.2. To tell, either verbally or in writing. S say
76%
1. To make smaller.2. To become less or smaller. 3. To make appear smaller than in reality; to dismiss as unimportant. D diminish
69%
A fabric, usually made of woven, knitted, or felted fibres or filaments. C cloth
66%
A competition; a struggle for superiority; combat. C contest
62%
An amorphous solid, often transparent substance, usually made by melting silica sand with various additives (e.g., a mixture of soda, potash and lime). G glass
52%
Free: without charge. G gratis
52%
(somewhat archaic) To look at or see (someone or something), especially appreciatively; to descry, to look upon. B behold
45%
Calm and quiet; peaceful; tranquil. P placid
38%
Respectful of privacy or secrecy; exercising caution in order to avoid causing embarrassment; quiet; diplomatic. D discreet
34%
1. Resembling or characteristic of a type of three-dimensional work of art.2. (of a woman) Elegantly tall, graceful, and attractive. S statuesque
31%
No matching quizzes found
Score Distribution
Percent of People with Each Score
Percentile by Number Answered
Your Score History
You have not taken this quiz